| 000 | 01402nam a2200373 i 4500 | ||
|---|---|---|---|
| 001 | 000030185 | ||
| 003 | DO-SdBNP | ||
| 005 | 20250711124154.0 | ||
| 006 | a||||fr|||| 00| 0 | ||
| 007 | ta | ||
| 008 | 110504e1995 dr ad r f001 0 spa d | ||
| 040 |
_aDO-SdBNP _bspa _cBNPHU _erda |
||
| 082 | 4 |
_a379.7293 _bR426p, 1995 _222 |
|
| 110 | 1 |
_aRepública Dominicana. _bSecretaría de Estado de Educación, Bellas Artes y Cultos _4autor _923965 |
|
| 245 | 1 | 0 | _aPlan Decenal de Educación en acción, transformación curricular en marcha. / |
| 264 |
_aSanto Domingo : _bSecretaría de Estado de Educación, Bellas Artes y Cultos, _c1995. |
||
| 300 |
_av. ; _c27 cm. |
||
| 336 |
_2rdacontent _atexto _btxt |
||
| 337 |
_2rdamedia _asin mediación _bn |
||
| 338 |
_2rdacarrier _avolumen _bnc |
||
| 490 |
_aInnova 2000 ; _v6 ; _v11 |
||
| 500 | _aLa Biblioteca posee v. 6, v.7 y 11 | ||
| 504 | _aBibliografía: páginas 413 - 417, 321 | ||
| 505 |
_gv.6. _tNivel medio modalidad general.-- _gv.11 _tModalidad Técnico Profesional. |
||
| 590 | _aInventariado, 2023/DG | ||
| 650 | 4 |
_aPolítica educativa _zRepública Dominicana _910500 |
|
| 650 | 0 |
_aPlanificación educativa _917484 |
|
| 650 | 4 |
_aDesarrollo curricular _917535 |
|
| 650 | 4 |
_aPlanificación estratégica _92433 |
|
| 650 | 4 |
_aDesarrollo educativo _910501 |
|
| 650 | 4 |
_aEducación _zRepública Dominicana _9737 |
|
| 910 | _aDG | ||
| 942 |
_2ddc _cLBS1 |
||
| 999 |
_c55201 _d55201 |
||